| 000 | 00601nam a22001937a 4500 | ||
|---|---|---|---|
| 999 |
_c10756 _d10756 |
||
| 003 | AR-CdUCM | ||
| 008 | 190401b ||||| |||| 00| 0 spa d | ||
| 040 |
_aMUNICIPALIDAD PROVINCIAL DEL CUSCO _cBIBLIOTECA MUNICIPAL DEL CUSCO |
||
| 082 |
_aES / 800 / _bP19 |
||
| 100 |
_aPalma, Ricardo _9304 |
||
| 245 | _aTradiciones peruanas / | ||
| 260 |
_aLima : _bEditorial Toribio Anyarin Injante, |
||
| 300 |
_a128 paginas ; _c15 cm. |
||
| 505 | _aContenido :Tradiciones peruanas. | ||
| 650 |
_aLiteratura contemporánea _9759 |
||
| 650 |
_aHistoria del Perú _9259 |
||
| 942 |
_2ddc _cLIBROS |
||
| 945 | _arum | ||